La formación de los más pequeños (Record no. 64666)

MARC details
000 -LEADER
campo de control de longitud fija 00491nam a2200169 i 4500
001 - NÚMERO DE CONTROL
campo de control 64666
003 - IDENTIFICADOR DE NÚMERO DE CONTROL
campo de control ES-MaACL
005 - FECHA Y HORA DE LA ÚLTIMA TRANSACCIÓN
campo de control 20230906165201.0
007 - CAMPO FIJO DE DESCRIPCIÓN FÍSICA--INFORMACIÓN GENERAL
campo de control de longitud fija t|
008 - DATOS DE LONGITUD FIJA--INFORMACIÓN GENERAL
campo de control de longitud fija 040102s1969 sp ||||1| spa d
245 03 - MENCIÓN DEL TÍTULO
Título La formación de los más pequeños
Resto del título : [de 0 a 5 años] /
Mención de responsabilidad, etc. [versión de Luis Riera].
250 ## - MENCION DE EDICION
Mención de edición [1ª ed.].
260 ## - PUBLICACIÓN, DISTRIBUCIÓN, ETC.
Lugar de publicación, distribución, etc. [Barcelona] :
Nombre del editor, distribuidor, etc. Nova Terra,
Fecha de publicación, distribución, etc. [1969]
300 ## - DESCRIPCIÓN FÍSICA
Extensión 2 v. ;
Dimensiones 21 cm.
700 1# - ENTRADA AGREGADA--NOMBRE PERSONAL
Nombre de persona Riera, Luis.
9 (RLIN) 97111
852 ## - LOCALIZACIÓN
Ubicación ES-MaACL
Número de control de estantería 2071-F-12-13
Sublocalización o colección R.72541
Holdings
Estatus retirado Estado de pérdida Estado de daño No para préstamo Colección Biblioteca de origen Biblioteca actual Ubicación en estantería Fecha de adquisición Fuente de adquisición Total de préstamos Signatura topográfica completa Código de barras Visto por última vez Precio de reemplazo Tipo de ítem Koha
        Colección de folletos Biblioteca del Ateneo de Madrid Biblioteca del Ateneo de Madrid Depósito folletos 17/01/2008     2071-F-12-13 1067759 23/02/2023 23/02/2023 Folleto